| 000 | 00436nam a22001817a 4500 | ||
|---|---|---|---|
| 003 | MPLRDC | ||
| 005 | 20220104113624.0 | ||
| 008 | 210129b ||||| |||| 00| 0 eng d | ||
| 020 | _a962-22-0016-8 | ||
| 082 | _a857.621 NK v.15 c.2 | ||
| 100 | _a倪匡 | ||
| 245 |
_a丛林之神 _c |
||
| 260 |
_a _b明窗出版社 _c1988 |
||
| 300 | _b平 | ||
| 490 | _a科幻系列. 15 | ||
| 650 | _a科幻小说 | ||
| 942 |
_cBK _o857.621 NK v.15 c.2 |
||
| 999 |
_c1060 _d1050 |
||